[Event "Santa Fe IRT Club Espanol A"]
[Site "Santa Fe"]
[Date "2015.12.19"]
[Round "5.3"]
[White "Huerta, Diego"]
[Black "Lagar, Valentin Alejo"]
[Result "1/2-1/2"]
[WhiteElo "2015"]
[BlackElo "2167"]
[PlyCount "91"]
[EventDate "2015.12.16"]
[EventType "tourn"]
[EventRounds "7"]
[EventCountry "ARG"]
[SourceTitle "EXT 2024"]
[Source "ChessBase"]
[SourceDate "2023.10.10"]
[SourceVersion "1"]
[SourceVersionDate "2023.10.10"]
[SourceQuality "1"]

1. d4 d5 2. c4 e6 3. Nc3 Nf6 4. Nf3 Nbd7 5. e3 c6 6. Bd3 dxc4 7. Bxc4 b5 8. Bd3 Bd6 9. 0-0 a6 10. e4 e5 11. Bg5 h6 12. Bxf6 Qxf6 13. d5 c5 14. a4 c4 15. Be2 Rb8 16. axb5 axb5 17. Ra5 b4 18. Nb5 Bc5 19. Nd2 0-0 20. Nxc4 Nb6 21. Na7 Bd4 22. Nc6 Nxc4 23. Bxc4 Bb6 24. Ra1 Rb7 25. Ba6 Rc7 26. Nxb4 Bd7 27. d6 Ra7 28. Nd5 Qxd6 29. Nxb6 Qxb6 30. Bc4 Rxa1 31. Qxa1 Bc6 32. Qa6 Qxa6 33. Bxa6 Rb8 34. Rc1 Bxe4 35. Rc8+ Rxc8 36. Bxc8 Kf8 37. f3 Bd5 38. Kf2 Ke7 39. Ke3 Kd6 40. Bf5 Kc5 41. Be4 Be6 42. Bc2 Bd5 43. g3 Kc4 44. h4 Kc5 45. Be4 Be6 46. Bc2 1/2-1/2

[Event "Rosario Flag B"]
[Site "Rosario"]
[Date "2015.06.18"]
[Round "2.4"]
[White "Huerta, Diego"]
[Black "Martinez Dorr, Fernando R"]
[Result "1/2-1/2"]
[WhiteElo "2090"]
[BlackElo "2227"]
[PlyCount "30"]
[EventDate "2015.06.18"]
[EventType "tourn"]
[EventRounds "7"]
[EventCountry "ARG"]
[SourceTitle "EXT 2024"]
[Source "ChessBase"]
[SourceDate "2023.10.10"]
[SourceVersion "1"]
[SourceVersionDate "2023.10.10"]
[SourceQuality "1"]

1. d4 Nf6 2. c4 g6 3. Nc3 d5 4. cxd5 Nxd5 5. Bd2 Nb6 6. Nf3 Nc6 7. Bf4 Bg7 8. e3 Be6 9. h4 h5 10. Bb5 Nd5 11. Be5 f6 12. Bg3 Nxc3 13. bxc3 Bd7 14. 0-0 0-0 15. d5 Na5 1/2-1/2